[Event "Challenge"]
[Site "http://www.queenalice.com/game.php?id=585745"]
[Date "2009.5.9"]
[Round "-"]
[White "aurorazzbcn"]
[Black "forki"]
[Result "1-0"]
[WhiteElo "1901"]
[BlackElo "1364"]

1. e4 e6 2. d4 d5 3. e5 c5 4. Nf3 cxd4 5. Nxd4 Nc6 6. f4 Bc5 7. Nxc6 bxc6 8. Qg4
g6 9. Bd3 Nh6 10. Qf3 f5 11. Nc3 Ng4 12. Nd1 Qb6 13. h3 Nh6 14. Be3 Bxe3 15.
Qxe3 Nf7 16. O-O Qxe3+ 17. Nxe3 Rb8 18. b3 O-O 19. g4 Nh6 20. gxf5 gxf5 21. Kf2
d4 22. Nc4 Ba6 23. Rg1+ Kh8 24. Na5 Bxd3 25. cxd3 Rbc8 26. Rac1 c5 27. Nb7 Rf7
28. Nd6 Rff8 29. Nxc8 Rxc8 30. Rc4 a6 31. Rgc1 Nf7 32. Rxc5 Ra8 33. Rc6 Nd8 34.
Rc8 1-0

[Event "Challenge"]
[Site "http://www.queenalice.com/game.php?id=620635"]
[Date "2009.7.17"]
[Round "-"]
[White "aurorazzbcn"]
[Black "jumer6"]
[Result "1-0"]
[WhiteElo "1889"]
[BlackElo "2050"]

1. d4 Nf6 2. Bf4 d6 3. e3 Nc6 4. Bd3 g6 5. c4 Bg7 6. h3 e5 7. dxe5 dxe5 8. Bh2
O-O 9. Nc3 Qe7 10. e4 Rd8 11. a3 Na5 12. Qc2 Nc6 13. Nf3 Qd6 14. Rd1 Nd4 15.
Nxd4 Bg4 16. Be2 Bxe2 17. Qxe2 Qc5 18. Nf3 Re8 19. O-O Nh5 20. b4 Qc6 21. Nd5
Rac8 22. g4 Nf4 23. Bxf4 exf4 24. Qc2 a6 25. Rfe1 h6 26. Nxf4 Qf6 27. Nd5 Qe6
28. e5 c5 29. Qc3 Kh8 30. Nf6 cxb4 31. axb4 Rxc4 32. Qd2 Bxf6 33. exf6 Rxg4+ 34.
Kh1 Re4 35. Qxh6+ 1-0

[Event "Challenge"]
[Site "http://www.queenalice.com/game.php?id=644548"]
[Date "2009.8.30"]
[Round "-"]
[White "kiwinap"]
[Black "aurorazzbcn"]
[Result "1-0"]
[WhiteElo "1955"]
[BlackElo "1903"]

1. f4 d5 2. Nf3 Nf6 3. e3 Bg4 4. Be2 Nbd7 5. d4 c5 6. c3 e6 7. O-O Be7 8. Ne5
Bxe2 9. Qxe2 Nxe5 10. fxe5 Nd7 11. Nd2 O-O 12. Kh1 f6 13. exf6 Nxf6 14. e4 dxe4
15. dxc5 Bxc5 16. Nb3 Qd5 17. Nxc5 Qxc5 18. Be3 Qc6 19. Bd4 b6 20. Rae1 Rae8 21.
Bxf6 Rxf6 22. Kg1 Rxf1+ 23. Rxf1 Qc5+ 24. Qf2 e3 25. Qf7+ 1-0

[Event "Challenge"]
[Site "http://www.queenalice.com/game.php?id=649504"]
[Date "2009.9.9"]
[Round "-"]
[White "PAID3"]
[Black "aurorazzbcn"]
[Result "0-1"]
[WhiteElo "1090"]
[BlackElo "1916"]

1. e4 e6 2. h4 Nf6 3. e5 Nd5 4. Rh3 Nc6 5. Qe2 d6 6. exd6 Bxd6 7. Qg4 Qf6 8. Rg3
Bxg3 9. fxg3 a6 10. Be2 Ncb4 11. d4 Nxc2+ 12. Kd1 Nde3+ 13. Kd2 Nxg4 14. Kxc2
Nf2 15. Be3 Ne4 16. Na3 Nxg3 17. Bd3 O-O 18. Nh3 Nf5 19. Bf4 Nxd4+ 20. Kd2 e5
21. Bg3 Bxh3 22. gxh3 b5 23. Rf1 Qd6 24. h5 h6 25. h4 Qb4+ 26. Ke3 f6 27. Nb1
Qxb2 28. Nd2 c5 29. Rb1 Qxa2 30. Ne4 c4 31. Bxc4+ Qxc4 32. Rd1 Qe2# 0-1

[Event "Challenge"]
[Site "http://www.queenalice.com/game.php?id=660989"]
[Date "2009.10.1"]
[Round "-"]
[White "forki"]
[Black "aurorazzbcn"]
[Result "0-1"]
[WhiteElo "1754"]
[BlackElo "1918"]

1. e4 c5 2. Nf3 Nc6 3. d4 cxd4 4. Nxd4 g6 5. Nc3 Bg7 6. Be3 Nf6 7. f3 O-O 8. Qd2
d5 9. O-O-O dxe4 10. fxe4 Ng4 11. Nxc6 Qxd2+ 12. Rxd2 bxc6 13. Bc5 Re8 14. Bc4
Bh6 15. Nb1 Ne5 16. Be2 Nd7 17. Bd4 c5 18. Bc3 Bb7 19. Bf3 Bc6 20. Kd1 Bxd2 21.
Nxd2 Red8 22. e5 Bxf3+ 23. gxf3 Nb6 24. Kc1 Nd5 25. Ba5 Rd7 26. Nc4 Nb4 27. a3
Nc6 28. Bc3 Nd4 29. Rf1 Ne2+ 30. Kb1 Nxc3+ 31. bxc3 Rb8+ 32. Ka2 Rbd8 33. Ne3
Rd2 34. Kb3 Re2 35. Ng4 Rb8+ 36. Kc4 Rxc2 37. h3 Ra2 38. Rd1 Rxa3 39. Rd7 Kf8
40. Ne3 Ke8 41. Rd5 Ra4+ 42. Kd3 Rd8 43. Rxd8+ Kxd8 44. Nc4 Kd7 45. f4 Kc6 0-1

[Event "Challenge"]
[Site "http://www.queenalice.com/game.php?id=660990"]
[Date "2009.10.1"]
[Round "-"]
[White "aurorazzbcn"]
[Black "forki"]
[Result "1-0"]
[WhiteElo "1911"]
[BlackElo "1627"]

1. e4 c5 2. Nf3 d6 3. d4 cxd4 4. Nxd4 Nf6 5. Nc3 g6 6. f3 Bg7 7. Be3 O-O 8. Qd2
Nc6 9. Bc4 Bd7 10. O-O-O Rc8 11. Bb3 Ne5 12. h4 h5 13. Bh6 Nc4 14. Bxc4 Rxc4 15.
Bxg7 Kxg7 16. Rhg1 a6 17. g4 b5 18. gxh5 Nxh5 19. f4 e6 20. Qf2 f5 21. Qf3 b4
22. Qxh5 Be8 23. Nxe6+ 1-0

[Event "Challenge"]
[Site "http://www.queenalice.com/game.php?id=717466"]
[Date "2010.1.21"]
[Round "-"]
[White "aurorazzbcn"]
[Black "forki"]
[Result "1-0"]
[WhiteElo "1926"]
[BlackElo "1712"]

1. d4 d5 2. Bf4 c5 3. e3 Qb6 4. b3 Nf6 5. h3 Nc6 6. Nf3 Qb4+ 7. c3 Qa5 8. Bd3
cxd4 9. exd4 e6 10. O-O Be7 11. Qc2 O-O 12. Nbd2 Re8 13. Ne5 g6 14. Nxc6 bxc6
15. b4 Qd8 16. Nf3 Bd6 17. Ne5 Qc7 18. f3 a5 19. a3 Ba6 20. Rfe1 Nh5 21. Bg5 f6
22. g4 Ng7 23. Bxf6 Rf8 24. Bg5 Bxe5 25. Rxe5 Rxf3 26. Bxa6 Rxa6 27. Qe2 Qf7 28.
Kg2 Rxc3 29. Rf1 Qa7 30. Rxe6 Qb8 31. Bf4 Qd8 32. Bd6 Rc2 33. Qxc2 Nxe6 34. Be5
axb4 35. axb4 Ng5 36. Bf6 Qd6 37. Bxg5 Qxb4 38. Qe2 Qd6 39. Qe8+ Kg7 40. Rf7#
1-0

[Event "Challenge"]
[Site "http://www.queenalice.com/game.php?id=717467"]
[Date "2010.1.21"]
[Round "-"]
[White "forki"]
[Black "aurorazzbcn"]
[Result "0-1"]
[WhiteElo "1712"]
[BlackElo "1933"]

1. e4 e6 2. Nf3 d5 3. Nc3 dxe4 4. Nxe4 Bd7 5. Bc4 Bc6 6. Qe2 Nf6 7. d3 Nbd7 8.
O-O Be7 9. h3 b6 10. b3 b5 11. Bxe6 Bxe4 12. Bxd7+ Qxd7 13. dxe4 O-O 14. Bb2 Qc6
15. Rad1 Nxe4 16. Ne5 Qb7 17. Rd7 Bf6 18. Qh5 g6 19. Qh6 Bg7 20. Qh4 Nc5 21. Re7
a5 22. f4 Rad8 23. f5 Rd2 24. Rf2 Rd1+ 25. Kh2 Ne4 26. fxg6 hxg6 27. Nd7 Rxd7
28. Bxg7 Kxg7 29. Rxd7 Nxf2 30. Qd4+ Kg8 31. Qxf2 Qc6 32. Rd4 Re8 33. Rf4 f5 34.
Qd2 b4 35. Rc4 Qe6 36. Rxc7 Qe5+ 37. g3 Qxc7 38. Qd5+ Kg7 39. Qd4+ Qe5 40. Qd7+
Re7 41. Qd3 Qe2+ 42. Kg1 Qe3+ 43. Qxe3 Rxe3 44. Kf2 Rc3 45. Ke2 Rxc2+ 46. Kd3
Rxa2 47. Kc4 Rg2 48. Kb5 Rxg3 0-1

[Event "Challenge"]
[Site "http://www.queenalice.com/game.php?id=791863"]
[Date "2010.6.18"]
[Round "-"]
[White "aurorazzbcn"]
[Black "davidg"]
[Result "0-1"]
[WhiteElo "1940"]
[BlackElo "2215"]

1. c4 e5 2. Nc3 f5 3. g3 c6 4. Bg2 Nf6 5. d3 Na6 6. Nf3 Qc7 7. O-O Be7 8. a3 O-O
9. b4 d5 10. e3 Be6 11. Ng5 Qd7 12. e4 d4 13. Nxe6 Qxe6 14. exf5 Qxf5 15. Ne4
Nc7 16. f4 exf4 17. Rxf4 Qd7 18. Bb2 Ne6 0-1

[Event "pajabraba69-2"]
[Site "http://www.queenalice.com/game.php?id=944193"]
[Date "2011.5.30"]
[Round "2"]
[White "aurorazzbcn"]
[Black "RIVAS"]
[Result "1-0"]
[WhiteElo "1935"]
[BlackElo "2259"]

1. d4 d5 2. Bf4 Nf6 3. e3 e6 4. Bd3 c5 5. c3 Nc6 6. Nf3 cxd4 7. exd4 Qb6 8. b3
Be7 9. O-O O-O 10. Nbd2 h6 11. h3 Bd7 12. Ne5 Rac8 13. Rc1 Ba3 14. Rb1 Nb8 15.
c4 Qxd4 16. Bh2 Nc6 17. Ndf3 Qc5 18. cxd5 Nxd5 19. Nxd7 1-0

[Event "Challenge"]
[Site "http://www.queenalice.com/game.php?id=953656"]
[Date "2011.6.24"]
[Round "-"]
[White "filomenos"]
[Black "aurorazzbcn"]
[Result "0-1"]
[WhiteElo "1796"]
[BlackElo "1973"]

1. d4 Nf6 2. g3 g6 3. Bg2 Bg7 4. Nf3 O-O 5. O-O d6 6. c3 Nbd7 7. Re1 e5 8. Bg5
h6 9. Bxf6 Bxf6 10. dxe5 Nxe5 11. Nbd2 Bg7 12. Nxe5 dxe5 13. Nb3 Qg5 14. Qc2 f5
15. e3 Kh7 16. Nc5 c6 17. Rad1 e4 18. Rd2 b6 19. Nb3 Ba6 20. Red1 Bd3 21. Qc1
Qf6 22. Qa1 Rae8 23. Nc1 Ba6 24. Rd6 Re6 25. Rd7 Rf7 26. Nb3 Bd3 27. Rxf7 Qxf7
28. Nd4 Rd6 29. Nb3 c5 30. Bf1 g5 31. Nc1 c4 32. Bxd3 cxd3 33. Nb3 f4 34. Nd4
Qh5 35. Nf5 Qh3 36. Rd2 Qxf5 37. Qf1 fxe3 38. fxe3 Qxf1+ 39. Kxf1 Rf6+ 40. Kg2
g4 41. Rf2 Rxf2+ 42. Kxf2 Be5 43. a4 h5 44. Ke1 h4 45. Kf2 hxg3+ 46. hxg3 Bxg3+
47. Kxg3 d2 0-1

[Event "Challenge"]
[Site "http://www.queenalice.com/game.php?id=953659"]
[Date "2011.6.24"]
[Round "-"]
[White "aurorazzbcn"]
[Black "filomenos"]
[Result "1-0"]
[WhiteElo "1964"]
[BlackElo "1801"]

1. c4 g6 2. Nc3 Bg7 3. g3 Nf6 4. Bg2 c6 5. Nf3 d6 6. O-O O-O 7. d4 Bf5 8. Bf4
Nbd7 9. Nh4 Be6 10. d5 cxd5 11. cxd5 Bf5 12. Nxf5 gxf5 13. Qd2 Qb6 14. Rab1 Ng4
15. h3 Ngf6 16. Bh6 Ne5 17. Bxg7 Kxg7 18. Qg5+ Kh8 19. Qxf5 Rg8 20. g4 h6 21.
Rfd1 Rg5 22. Qf4 Rf8 23. Kf1 Ng6 24. Qd2 Ne5 25. b3 Rfg8 26. Na4 Qb5 27. f4 R5g6
28. fxe5 dxe5 29. Qe3 b6 30. Qxe5 Qd7 31. Bf3 Qd6 32. Qxd6 exd6 33. Rbc1 b5 34.
Nc3 a6 35. Ne4 Nxe4 36. Bxe4 Rf6+ 37. Ke1 Re8 38. Bf5 Kg7 39. Rc6 a5 40. Rdc1
Kf8 41. Rc8 b4 42. Rxe8+ Kxe8 43. Rc6 h5 44. Ra6 hxg4 45. hxg4 1-0

[Event "Challenge"]
[Site "http://www.queenalice.com/game.php?id=1111378"]
[Date "2012.10.11"]
[Round "-"]
[White "aurorazzbcn"]
[Black "Aspayne"]
[Result "1-0"]
[WhiteElo "1982"]
[BlackElo "1880"]

1. d4 Nf6 2. Bf4 d6 3. e3 Nc6 4. Nf3 Bg4 5. Be2 e6 6. h3 Bh5 7. Nbd2 Be7 8. c4
O-O 9. O-O Qd7 10. a3 h6 11. b4 g5 12. Bg3 Bg6 13. b5 Nd8 14. Qb3 Nh5 15. Bh2 f5
16. Bd3 Nf7 17. Rac1 Nf6 18. Bb1 Kg7 19. Rfd1 g4 20. hxg4 Nxg4 21. Bg3 Ng5 22.
c5 Ne4 23. Nxe4 fxe4 24. Nd2 h5 25. c6 bxc6 26. bxc6 Qd8 27. Qxe6 Bf5 28. Qd5 h4
29. Bf4 Bg5 30. Nxe4 Bxf4 31. exf4 Rb8 32. Ng5 Qc8 33. Re1 Rxb1 34. Rxb1 Bxb1
35. Rxb1 Rxf4 36. Ne6+ 1-0

[Event "Challenge"]
[Site "http://www.queenalice.com/game.php?id=1128416"]
[Date "2012.12.4"]
[Round "-"]
[White "Aspayne"]
[Black "aurorazzbcn"]
[Result "0-1"]
[WhiteElo "2067"]
[BlackElo "1994"]

1. e4 c5 2. Nc3 g6 3. g3 Bg7 4. Bg2 Nc6 5. Nge2 e6 6. O-O Nge7 7. d3 O-O 8. Be3
Nd4 9. f4 d6 10. Qd2 Rb8 11. a4 a6 12. Rf2 b5 13. axb5 axb5 14. Raf1 Qd7 15. e5
dxe5 16. fxe5 Bxe5 17. Ne4 f5 18. Nxc5 Nxe2+ 19. Rxe2 Qd6 20. d4 Bg7 21. b4 Nd5
22. c3 Nxe3 23. Qxe3 Re8 24. Rfe1 Bd7 25. Qf3 Rbc8 26. Ra1 Bxd4+ 27. Kh1 Bc6 0-1

[Event "Challenge"]
[Site "http://www.queenalice.com/game.php?id=1139343"]
[Date "2013.1.10"]
[Round "-"]
[White "aurorazzbcn"]
[Black "wermon"]
[Result "0-1"]
[WhiteElo "2013"]
[BlackElo "2056"]

1. d4 Nf6 2. Bf4 g6 3. e3 Bg7 4. Be2 d6 5. Nf3 O-O 6. O-O Nh5 7. Bg5 Nc6 8. Nbd2
Qe8 9. c4 e5 10. dxe5 dxe5 11. e4 f5 12. Be3 Be6 13. Qc2 b6 14. Nb1 Nf6 15. Nc3
fxe4 16. Nxe4 Bf5 17. Bd3 Nb4 0-1

[Event "Challenge"]
[Site "http://www.queenalice.com/game.php?id=1139840"]
[Date "2013.1.12"]
[Round "-"]
[White "aurorazzbcn"]
[Black "pgierech"]
[Result "1-0"]
[WhiteElo "1999"]
[BlackElo "2038"]

1. d4 Nf6 2. Bg5 d5 3. e3 Nbd7 4. Bd3 h6 5. Bh4 e6 6. Nf3 Be7 7. O-O O-O 8. Nbd2
c5 9. c3 c4 10. Bc2 a6 11. e4 dxe4 12. Nxe4 Nxe4 13. Bxe7 Qxe7 14. Bxe4 Nf6 15.
Bc2 b5 16. Qe2 Bb7 17. Ne5 Rfd8 18. Rae1 Qd6 19. f4 Qe7 20. f5 Bd5 21. fxe6 Bxe6
22. Nc6 Qd7 23. Nxd8 Rxd8 24. Qe3 Qe7 25. Qg3 Kh8 26. Bf5 Rd6 27. Qh3 Qd7 28.
Bxe6 Rxe6 29. Rxe6 Qxe6 30. Qxe6 fxe6 31. Re1 a5 32. Rxe6 b4 33. Rxf6 gxf6 34.
Kf2 Kg7 35. Ke3 f5 36. d5 Kf6 37. Kd4 bxc3 38. bxc3 h5 39. Kxc4 Ke5 40. Kc5 h4
41. h3 1-0

[Event "Challenge"]
[Site "http://www.queenalice.com/game.php?id=1152905"]
[Date "2013.2.17"]
[Round "-"]
[White "TyaoKarreyrowsky"]
[Black "aurorazzbcn"]
[Result "1-0"]
[WhiteElo "1870"]
[BlackElo "2019"]

1. d4 Nf6 2. c4 g6 3. Nc3 Bg7 4. e4 d6 5. Nf3 O-O 6. Be2 Nbd7 7. O-O e5 8. d5
Nc5 9. Qc2 a5 10. Be3 Nh5 11. Bxc5 dxc5 12. Nd2 Nf4 13. Bf3 f5 14. exf5 Bxf5 15.
Nde4 g5 16. g3 Nh3+ 17. Kh1 Ra6 18. Bg2 Rh6 19. Qe2 b6 20. Rad1 Rf7 21. Nb5 Bf8
22. Na7 Qe8 23. Nc6 Bd6 24. Rde1 Rf8 25. Nxd6 cxd6 26. f4 gxf4 27. gxf4 e4 28.
Bxe4 Bxe4+ 29. Qxe4 Qh5 30. Qg2+ Kh8 31. Ne7 Rhf6 32. f5 Ng5 33. Qg3 Nf7 34. Rg1
Nh6 35. Qg7# 1-0

[Event "Challenge"]
[Site "http://www.queenalice.com/game.php?id=1159482"]
[Date "2013.3.9"]
[Round "-"]
[White "aurorazzbcn"]
[Black "Atalxxi"]
[Result "1-0"]
[WhiteElo "2019"]
[BlackElo "1435"]

1. d4 d5 2. Bf4 g6 3. Be5 f6 4. Bf4 e5 5. dxe5 f5 6. Nf3 c5 7. e3 Be6 8. b3 h6
9. h4 Bg7 10. Qd2 g5 11. hxg5 h5 12. c4 Nc6 13. Nc3 Qa5 14. cxd5 Bxd5 15. Nxd5
Nb4 16. Nxb4 cxb4 17. Qd6 Rd8 18. Qg6+ Kf8 19. Bc4 Qc7 20. e6 Qe7 21. Qxf5+ Ke8
22. Bb5+ Rd7 23. Bxd7+ Kd8 24. Qa5+ b6 25. Bc7+ Kxc7 26. Qxa7+ Kd6 27. Qxb6+ Kd5
28. Qc6# 1-0

[Event "Barcelona. X. Sao Paulo "]
[Site "http://www.queenalice.com/game.php?id=1159739"]
[Date "2013.3.10"]
[Round "-"]
[White "Atalxxi"]
[Black "aurorazzbcn"]
[Result "0-1"]
[WhiteElo "1437"]
[BlackElo "2017"]

1. e4 c5 2. e5 Nc6 3. f4 d6 4. c3 dxe5 5. fxe5 Nxe5 6. d4 cxd4 7. Qxd4 Qxd4 8.
cxd4 Nc6 9. d5 Ne5 10. Bf4 f6 11. Bxe5 fxe5 12. Bd3 Nf6 13. Nc3 e6 14. Bb5+ Bd7
15. Bxd7+ Kxd7 16. dxe6+ Kxe6 17. Nf3 h6 18. O-O Bd6 19. Rad1 Rad8 20. Nb5 Rd7
21. Nxd6 Rxd6 22. Nd2 Rhd8 23. h3 Rxd2 24. Rb1 Nh5 25. Rf3 Nf4 26. Rg3 Ne2+ 0-1

[Event "Challenge"]
[Site "http://www.queenalice.com/game.php?id=1163226"]
[Date "2013.3.21"]
[Round "-"]
[White "aurorazzbcn"]
[Black "Aspayne"]
[Result "1/2-1/2"]
[WhiteElo "2003"]
[BlackElo "2018"]

1. d4 Nf6 2. c4 e5 3. dxe5 Ng4 4. Bf4 Nc6 5. Nf3 Bb4+ 6. Nbd2 Qe7 7. a3 Ngxe5 8.
e3 Bxd2+ 9. Nxd2 b6 10. Be2 Bb7 11. O-O O-O 12. b4 d6 13. Nb1 Qf6 14. Ra2 Rad8
15. Rd2 Ng6 16. Bg3 Nce7 17. h3 Nf5 18. Bf3 Bc8 19. Bh2 Ne5 20. Bd5 Be6 21. Bxe5
Qxe5 22. e4 Nh4 23. Bxe6 fxe6 24. Qe2 Rf7 25. Qe3 Rdf8 26. f3 Qg3 27. Rdf2 Rf6
28. Nc3 Rg6 29. Qe2 Qxh3 1/2-1/2

[Event "Challenge"]
[Site "http://www.queenalice.com/game.php?id=1168470"]
[Date "2013.4.5"]
[Round "-"]
[White "tallos"]
[Black "aurorazzbcn"]
[Result "1-0"]
[WhiteElo "1964"]
[BlackElo "2021"]

1. e4 c5 2. Nc3 Nc6 3. f4 g6 4. Nf3 Bg7 5. Bb5 a6 6. Bxc6 bxc6 7. d3 d6 8. O-O
Nf6 9. Qe1 O-O 10. Qh4 h5 11. h3 Qc7 12. f5 Bd7 13. Bg5 Rab8 14. Rab1 gxf5 15.
Bxf6 Bxf6 16. Qxh5 d5 17. Ng5 Bxg5 18. Qxg5+ Kh7 19. Rf4 1-0

[Event "Challenge"]
[Site "http://www.queenalice.com/game.php?id=1168471"]
[Date "2013.4.5"]
[Round "-"]
[White "aurorazzbcn"]
[Black "tallos"]
[Result "0-1"]
[WhiteElo "2004"]
[BlackElo "2208"]

1. c4 Nf6 2. Nc3 g6 3. d3 Bg7 4. e4 d6 5. h3 c5 6. Nf3 O-O 7. Be2 Nc6 8. O-O Ne8
9. Bd2 Nc7 10. Qc1 Ne6 11. Bh6 Ncd4 12. Bxg7 Kxg7 13. Qd2 Bd7 14. Nd5 b5 15. b3
Nxf3+ 16. Bxf3 Nd4 17. Be2 Bc6 18. Ne3 a6 19. f4 e6 20. f5 exf5 21. exf5 Qg5 22.
Bg4 h5 23. h4 Qxh4 24. Bh3 Rae8 25. Rae1 Nf3+ 26. gxf3 Qxh3 27. Qg2 Qxg2+ 28.
Kxg2 g5 29. Kf2 Rh8 30. Rg1 Kf6 31. Rg3 Reg8 32. Rh1 bxc4 33. dxc4 g4 34. Rd1
Bxf3 35. Rxd6+ Kg5 36. Rxf3 gxf3 37. Kxf3 h4 38. Rd5 h3 39. Nf1 h2 40. Nxh2 Rxh2
41. Rxc5 Rxa2 0-1